000 00616nam a22002057a 4500
003 0
005 20230918111526.0
008 230918b xxu||||| |||| 00| 0 eng d
020 _a978-1-63987-665-5
050 _aQA 76.9
_b.T56 2023
100 _aThompson, Camila
245 _aDatabase systems : design and management
_c Camila Thompson
260 _aNew York
_bMurphy & Moore
_cc2023.
300 _ax, 23g pages :
_bcol. ill. ;
_c26 cm.
500 _aDatabases.
504 _aIncludes bibliographical references and index.
650 _aDatabases.
650 _aDatabase management.
942 _2lcc
_cBK
999 _c365310
_d365310